00566nam a2200193Ia 450000500170000000800410001702000220005804000190008004100120009908200160011124500630012726000260019030000260021650400500024265000140029265100370030670000190034385000100036220230515124145.0131103s9999 xx 000 0 und d a041674170 3 (pbk) aLoreto College aEnglish a330.9 bDIC 2aA geography of the third worldcJ.P.Dickenson ... [et.al.] aLondonbMethuenc1983 axviii,283 p.b plates aIncludes bibliographical references and index aEconomics aThird World - Economic Geography aDickenson,J.P. aLCLIB